Political geography : world-economy, nation-state, and locality / (Record no. 9179)
[ view plain ]
| 000 -LEADER | |
|---|---|
| fixed length control field | 01175nac a22002891u 4500 |
| 010 ## - LIBRARY OF CONGRESS CONTROL NUMBER | |
| LC control number | 2006048812 |
| 020 ## - INTERNATIONAL STANDARD BOOK NUMBER | |
| International Standard Book Number | 9780131960121 (pbk.) |
| 035 ## - SYSTEM CONTROL NUMBER | |
| System control number | (OCoLC)ocm76481569 |
| 035 ## - SYSTEM CONTROL NUMBER | |
| System control number | (OCoLC)76481569 |
| 082 00 - DEWEY DECIMAL CLASSIFICATION NUMBER | |
| Classification number | 320.12 |
| Item number | FLI |
| 090 ## - LOCALLY ASSIGNED LC-TYPE CALL NUMBER (OCLC); LOCAL CALL NUMBER (OCLC) | |
| -- | 9179 |
| -- | 9179 |
| 100 ## - MAIN ENTRY--PERSONAL NAME | |
| Personal name | Flint, Colin. |
| 245 10 - TITLE STATEMENT | |
| Title | Political geography : world-economy, nation-state, and locality / |
| Statement of responsibility, etc | Colin Flint and Peter J. Taylor. |
| 250 ## - EDITION STATEMENT | |
| Edition statement | 5th ed. |
| 260 ## - PUBLICATION, DISTRIBUTION, ETC. (IMPRINT) | |
| Place of publication, distribution, etc | Harlow, England ; |
| -- | New York : |
| Name of publisher, distributor, etc | Pearson/Prentice Hall,C.2007. |
| Date of publication, distribution, etc | C.2007. |
| 300 ## - PHYSICAL DESCRIPTION | |
| Extent | xii, 355 p. : |
| Other physical details | ill., maps ; |
| Dimensions | 25 cm. |
| 500 ## - GENERAL NOTE | |
| General note | Rev. ed. of: Political geography / Peter J. Taylor. 3rd ed. 1993. |
| 500 ## - GENERAL NOTE | |
| General note | Distributer: Sphinx. |
| 504 ## - BIBLIOGRAPHY, ETC. NOTE | |
| Bibliography, etc | Includes bibliographical references (p. 324-340) and index. |
| 511 ## - PARTICIPANT OR PERFORMER NOTE | |
| Participant or performer note | Catalogued By: Mahitab. |
| 650 #0 - SUBJECT ADDED ENTRY--TOPICAL TERM | |
| Topical term or geographic name as entry element | Political geography. |
| 650 #0 - SUBJECT ADDED ENTRY--TOPICAL TERM | |
| Topical term or geographic name as entry element | Geopolitics. |
| 700 1# - ADDED ENTRY--PERSONAL NAME | |
| Personal name | Taylor, Peter J. |
| Fuller form of name | (Peter James), |
| Dates associated with a name | 1944- |
| 856 41 - ELECTRONIC LOCATION AND ACCESS | |
| Materials specified | Table of contents only |
| Uniform Resource Identifier | <a href="http://www.loc.gov/catdir/toc/fy0707/2006048812.html">http://www.loc.gov/catdir/toc/fy0707/2006048812.html</a> |
| 942 ## - ADDED ENTRY ELEMENTS (KOHA) | |
| Item type | Book - Borrowing |
| Call number prefix | 320.12FLI |
| Withdrawn status | Item status | Damaged status | Not for loan | Home library | Current library | Shelving location | Date acquired | Source of acquisition | Total Checkouts | Full call number | Barcode | Date last seen | Date last borrowed | Koha item type |
|---|---|---|---|---|---|---|---|---|---|---|---|---|---|---|
| Central Library | Central Library | First floor | 17/04/2008 | Purchase | 1 | 320.12FLI | 000011268 | 15/07/2025 | 10/03/2010 | Book - Borrowing |